[Event "Ljubljana"]
[Site "Ljubljana"]
[Date "1997.??.??"]
[Round "3"]
[White "Farago, Ivan"]
[Black "Grosar, Aljosa"]
[Result "1/2-1/2"]
[WhiteElo "2470"]
[BlackElo "2495"]
[Annotator "Avrukh,B"]
[PlyCount "50"]
[EventDate "1997.05.20"]
[EventType "tourn"]
[EventRounds "11"]
[EventCountry "SLO"]
[EventCategory "9"]
[SourceTitle "CBM 058 Extra"]
[Source "ChessBase"]
[SourceDate "1997.07.29"]
[SourceVersion "1"]
[SourceVersionDate "1997.07.29"]
[SourceQuality "1"]

1. d4 Nf6 2. c4 e6 3. Nf3 b6 4. g3 Ba6 5. b3 Bb7 6. Bg2 Bb4+ 7. Bd2 a5 8. O-O
O-O 9. Qc2 d5 (9... Be4 10. Qb2 d5 11. a3 Bxf3 12. Bxf3 Bxd2 13. Nxd2 Nc6 14.
Rac1 Ne7 15. Rfd1 c6 16. Bg2 Ra7 17. Nf3 Qb8 18. Ne5 Rc8 19. Nd3 Rac7 20. e3
$14 {1-0 Karpov,A-Kortschnoj,V/Monaco Amber blind 1994/EXP 40 (21)}) (9... Re8
10. Nc3 d6 11. Rfe1 Bxc3 12. Bxc3 Be4 13. Qb2 Nbd7 14. Bf1 d5 15. Ne5 Nxe5 16.
dxe5 Nd7 17. f3 Bg6 18. cxd5 exd5 19. Rad1 c6 20. e4 $16 {1-0 Oll,L-Nikolic,P/
Erevan olm 1996/EXT 96ch2/}) 10. cxd5 (10. Bg5 Be7 11. Nc3 Nbd7 12. Rad1 Ne4
13. Bxe7 Qxe7 14. Nxe4 dxe4 15. Ne5 Nf6 16. Qc3 Rfd8 $11 {1-0 Gonzalez Garcia
Jose-Petran Pal/It, Budapest (Hungary) 1995 (29)}) (10. Bf4 a4 11. Nbd2 Nc6 12.
bxa4 Qe7 13. a3 Bxd2 14. Bxd2 Rfc8 15. Rfc1 Ne4 16. Be1 Qf6 17. e3 h6 18. cxd5
exd5 19. Nd2 Nd6 20. Nb1 Qe6 21. Bb4 $16 {Nikolic,P-Salov,V/Barcelona WCup
1989/1/2-1/2 (60)}) 10... exd5 11. Bg5 $5 $146 (11. Bf4 Na6 12. Rd1 Qe7 13. Qb2
Ne4 14. a3 Bd6 15. Bxd6 Qxd6 16. Nc3 Rfe8 17. Rac1 Rad8 18. e3 Qe7 19. Bf1 {
[%csl Ga6]} c5 20. Bb5 Rf8 21. Ne5 Nc7 22. Bc6 cxd4 23. exd4 Ne6 24. Nxe4 dxe4
25. d5 $16 {1-0 Hort,V-Chandler,M/BL8687 1987/BL 80 (42)}) 11... Be7 {[%cal
Gf6e4]} (11... Nbd7 $6 12. Ne5 {[%csl Gc6]}) (11... c6 $5) 12. Nc3 Ne4 13. Bxe7
(13. Nxe4 $5 dxe4 14. Bxe7 Qxe7 15. Ne5 f6 16. Nc4 $14 (16. Bxe4 $2 Bxe4 17.
Qxe4 c6 18. Qh4 g5 $19)) 13... Qxe7 14. Ne5 (14. Nxe4 {see 13Ne4}) 14... Nxc3 (
14... Na6 15. Nxd5 $1 (15. Nxe4 Nb4 16. Qb2 dxe4 17. a3 Nd5 18. Bxe4 f6 19.
Bxd5+ Bxd5 $44 20. Ng4 Qe6 {[%csl Gb3]}) 15... Bxd5 16. Bxe4 Bxe4 17. Qxe4 f6
18. Qd5+ Kh8 19. Nd3 Qxe2 20. Nf4 $36 {[%csl Ga6,Re6]}) 15. Qxc3 Na6 (15... c5
{[%csl Gd5]} 16. e3 Rc8 17. Rfd1 (17. dxc5 bxc5 18. Rfd1 $14 {[%csl Gc5,Gd5]})
17... Nd7 $140 18. Nxd7 Qxd7 19. dxc5 bxc5 20. Bxd5 Bxd5 21. e4 $18) 16. Nc6
Bxc6 (16... Qxe2 $142 17. Rfe1 Qg4 (17... Qb5 18. Bxd5 Kh8 19. Re5 $36) 18.
Bxd5 Bxc6 19. Bxc6 Rad8 20. Re4 Qg6 21. Rae1 Nb4 22. Bb7 $14 Nxa2 $140 23. Qxc7
Nb4 24. Qxd8 $1 $18) 17. Qxc6 Qxe2 (17... Nb4 18. Qc3 Qxe2 19. Qxc7 $16) 18. a3
$1 {[%csl Ga6]} (18. Rfe1 Qg4) 18... Qb2 19. Qxd5 (19. Bxd5 Qxd4 20. Rad1 Qb2
$1 {[%csl Ga3]} 21. Bxf7+ Kxf7 22. Qc4+ Kg6 {and white has only draw with
perpetual check.}) 19... Rad8 20. Qc4 (20. Qb5 Nb8 21. d5 Nd7 $11) 20... Nb8
21. d5 (21. Qxc7 Qxd4 22. Rac1 {only a little better for white.}) 21... Nd7 22.
b4 $2 (22. Qxc7 $1 Qxb3 23. d6 {with clear advantage for white.}) 22... axb4
23. axb4 Nf6 24. Qxc7 (24. Ra7 Qe5 25. Rd1 Rd7 $11 {[%csl Gd5][%cal Gf8d8]})
24... Qxb4 25. Rab1 Qc5 (25... Qd6 {also good.}) 1/2-1/2

[Event "Clarin GP final"]
[Site "Villa Gesell"]
[Date "1998.03.09"]
[Round "3"]
[White "Sorin, Ariel"]
[Black "Zarnicki, Pablo Adrian"]
[Result "0-1"]
[WhiteElo "2460"]
[BlackElo "2515"]
[Annotator "Avrukh,B"]
[PlyCount "80"]
[EventDate "1998.03.07"]
[EventType "tourn"]
[EventRounds "11"]
[EventCountry "ARG"]
[EventCategory "10"]
[SourceTitle "CBM 064"]
[Source "ChessBase"]
[SourceDate "1998.06.02"]
[SourceVersion "1"]
[SourceVersionDate "1998.06.02"]
[SourceQuality "1"]

1. d4 Nf6 2. c4 e6 3. Nf3 b6 4. g3 Ba6 5. Nbd2 Bb4 6. Qa4 c5 7. a3 Bxd2+ 8.
Bxd2 O-O 9. Bg2 (9. Bf4 Qc8 10. Bd6 Re8 11. dxc5 Ne4 12. Bg2 bxc5 13. Nd2 Nxd2
$1 $11 {Portisch,L-Seirawan,Y/Mar del Plata 1981 (18)}) 9... d5 (9... Bb7 10.
O-O Qe7 (10... cxd4 11. Nxd4 Bxg2 12. Kxg2 Nc6 13. Nxc6 dxc6 {1/2-1/2 Portisch,
L-Keres,P/Amsterdam IBM 1971}) 11. Rfd1 Rc8 12. Rac1 d6 13. Bc3 Nbd7 14. Ne5
Bxg2 $11 {Lechtynsky,J-Csom,I/Capablanca mem-B 1985 (17)}) 10. cxd5 $6 {
After this careless move white faces serious problems.Better was} (10. Bf4 $5
Qd7 $5 (10... Bxc4 11. Nd2 $1 a6 (11... b5 12. Qd1 {[%csl Rc4]}) 12. Nxc4 b5
13. Qa5 bxc4 14. Qxc5 Nbd7 15. Qb4 $14) 11. Qxd7 Nbxd7 12. Ne5 cxd4 13. cxd5
exd5 14. Nxd7 Nxd7 15. O-O-O Nc5 16. Bxd5 Rad8 $36 {Toth,C-Sunye Neto,J/Merida
1993 (29)}) 10... exd5 {[%csl Re1]} 11. O-O (11. Bg5 $5 Qe8 $5 (11... h6 12.
Bxf6 Qxf6 13. Rc1 Rc8 14. Ne5 $14) 12. Qxe8 Rxe8 13. e3 (13. O-O Bxe2 14. Rfe1
Nbd7 $17) 13... Ne4 14. Bf4 Nc6 15. Rd1 cxd4 16. Nxd4 Nxd4 17. Rxd4 Rac8 $36)
11... Bxe2 12. Rfe1 Bxf3 13. Bxf3 Qd7 $1 14. Qd1 $6 {More persistant was} (14.
Qxd7 $5 Nbxd7 15. dxc5 Nxc5 (15... bxc5 16. Re7 Rae8 17. Rae1 Rxe7 18. Rxe7 $44
) 16. Bc3 Nfe4 17. Rad1 Rad8 18. Bd4 f5 $15) 14... cxd4 15. Bb4 Re8 16. Rxe8+
Qxe8 17. Qxd4 Nc6 $17 {The position has stabilized and black's advantage
becomes more and more disturbing.} 18. Qf4 Nxb4 19. axb4 Qd7 20. g4 $5 {
Trying to create some counterplay.} h6 21. h4 Rd8 22. g5 hxg5 23. hxg5 Nh7 24.
Rc1 Qe6 25. Bh5 g6 26. Bg4 Qe4 $1 $19 {[%csl Rb2,Rg5] Transfering the game
into easily wining ending.} 27. Qxe4 dxe4 28. Rc7 Rd2 29. Bd7 Rxb2 30. b5 Ra2
31. Bc6 Nxg5 32. Kf1 Kg7 33. Bb7 Kf6 34. Bd5 Rb2 35. Bc6 Ke5 36. Rxa7 f5 37.
Be8 Nf3 38. Re7+ Kf4 39. Bxg6 Rb1+ 40. Kg2 Nh4+ 0-1

[Event "Clarin GP final"]
[Site "Villa Gesell"]
[Date "1998.03.15"]
[Round "9"]
[White "Hoffman, Alejandro"]
[Black "Zarnicki, Pablo Adrian"]
[Result "0-1"]
[WhiteElo "2510"]
[BlackElo "2515"]
[Annotator "Avrukh,B"]
[PlyCount "96"]
[EventDate "1998.03.07"]
[EventType "tourn"]
[EventRounds "11"]
[EventCountry "ARG"]
[EventCategory "10"]
[SourceTitle "CBM 064"]
[Source "ChessBase"]
[SourceDate "1998.06.02"]
[SourceVersion "1"]
[SourceVersionDate "1998.06.02"]
[SourceQuality "1"]

1. d4 Nf6 2. c4 e6 3. Nf3 b6 4. g3 Ba6 5. Nbd2 d5 6. Bg2 (6. cxd5 exd5 7. Bg2
Be7 8. O-O O-O 9. Ne5 c5 (9... c5 10. b3 $5 (10. dxc5 $5 bxc5 11. b3 Bb7 12.
Bb2 a5 13. e4 d4 14. Nec4 Nfd7 15. Re1 Nb6 16. Nxb6 Qxb6 17. Nc4 $14 {
Romanishin,O-Psakhis,L/URS-ch50 Moscow 1983/1-0 (45)}) 10... Re8 (10... Bb7 $1
{/\ Na6}) 11. Bb2 cxd4 $6 (11... Bb7 12. Qc2 Nbd7 13. Qd3 Rc8 $10) 12. Ndf3 (
12. Bxd4 $2 Bc5 $10) 12... Bc5 (12... Ne4 13. Bxd4 Ba3 $5) 13. a3 Nbd7 14. Nd3
$1 $16 {Polugaevsky,L-Rodriguez,A/Sochi 1988 (30)}) (9... Bb7 10. Ndf3 c5 11.
Bf4 $5 (11. b3 Na6 12. Bb2 {/\ e3, Qe2, Rfc1+/=}))) 6... Be7 7. O-O O-O 8. Ne5
c5 9. cxd5 exd5 10. Ndf3 Re8 (10... Qc8 $5 11. Be3 Nbd7 12. Rc1 Qb7 13. Bg5
Rfe8 14. Nxd7 Nxd7 15. Bxe7 Rxe7 16. Re1 Rae8 17. e3 c4 $11 {Kraidman,
Y-Fyllingen,R/Gausdal Int 1991/0-1 (81)}) 11. b3 Ne4 12. Bb2 Bb7 13. Rc1 Nd7
14. Nd3 (14. Rc2 $5 Nxe5 15. Nxe5 Bd6 16. Nd3 Rc8 $10 17. Qc1 (17. dxc5 bxc5
18. Qe1 Qe7 $132) 17... c4 $6 (17... Qe7 $10) 18. Ne5 $1 b5 19. Bxe4 dxe4 20.
bxc4 Bxe5 21. dxe5 bxc4 22. Bc3 $1 $14 {Ehlvest,J-Psakhis,L/Tilburg 1992 (48)})
(14. Nxd7 Qxd7 15. dxc5 bxc5 16. Ne5 {/\ Nd3+/=}) 14... Rc8 15. Bh3 $6 {
Passing the initiative into black's hands.More logical continuation was} (15.
dxc5 bxc5 16. Nd2 Bg5 17. e3 Ba6 18. Qc2 Qa5 $5 19. Rfd1 Nxd2 (19... f5 $5 {
[%cal Gd5d4]}) 20. Bc3 $1 (20. Qxd2 $6 Qxd2 21. Rxd2 d4 $5 (21... Rxe3 22. Nf4
$8 (22. fxe3 Bxe3+ 23. Rf2 Bxd3 $15) 22... Bxf4 23. gxf4 Rd3 24. Rxd3 Bxd3 25.
Bxd5 Nb6 26. Bf3 c4 $11) 22. Nf4 Nb6 23. exd4 cxd4 24. Rxc8 Nxc8 25. Rd1 Bxf4
26. gxf4 d3 27. Bf1 Rd8 $15) 20... Bxd3 21. Qxd2 $14 {[%cal Gd2d3] with better
prospects.}) (15. Rc2 $5 {[%cal Gd1a1,Gf1c1]} Bd6 16. Qa1 (16. Qc1 $5 {[%cal
Gf1d1]}) 16... Ndf6 17. Rfc1 $13) 15... Rc7 16. dxc5 bxc5 17. Rc2 Nb6 18. Qc1
Bd6 {[%csl Rc3][%cal Gd5d4,Gb6d5]} 19. e3 c4 $1 $36 {Very responsible,but
fully justified move.} 20. Nf4 $8 (20. Be5 $2 cxd3 21. Rxc7 d2 22. Qc2 Qxc7 23.
Qxc7 Bxc7 24. Bxc7 Ba6 $19 {[%cal Ga6e2]}) (20. bxc4 dxc4 21. Nde1 c3 22. Bxc3
Nxc3 23. Rxc3 Ba6 $17) 20... Bxf4 21. exf4 (21. gxf4 Rc6 $5 $36 {[%cal Gc6g6,
Gg6h6,Ge4c5,Gc5d3]}) 21... Nc5 22. Bd4 (22. Rd1 $5 Bc8 23. Bxc8 Qxc8 24. bxc4
dxc4 25. Ne5 Ncd7 $13 {[%cal Gf7f6]}) 22... Nd3 23. Qa3 Bc8 24. Bxc8 Qxc8 25.
Ne5 $6 {[%csl Ra3]} (25. bxc4 dxc4 26. Ne5 Rd8 $15) {[%tqu "En","","","",
"d3f4","",10]} 25... Nxf4 $1 $15 26. gxf4 f6 $1 (26... Rxe5 27. Bxe5 Qg4+ 28.
Kh1 Qf3+ 29. Kg1 Qg4+ $11 (29... Rc6 $2 30. f5 $18)) 27. f3 (27. Bxb6 axb6 28.
Qd6 fxe5 (28... Rd8 $1 29. Qxb6 fxe5 30. fxe5 Qg4+ 31. Kh1 Qe4+ 32. f3 Qxe5 $15
) 29. Qxd5+ Kh8 30. Rxc4 Rxc4 31. bxc4 Qg4+ $15) 27... fxe5 28. fxe5 (28. Bxe5
Rf7 $15 {[%cal Gb6d7]}) 28... Qf5 29. Qc1 Rc6 30. Rg2 Ree6 31. Qg5 $1 Qf8 (
31... Qxg5 32. Rxg5 $14 {[%cal Gf3f4,Gf4f5]}) 32. Qe3 Nc8 {[%cal Gc8e7,Ge7f5]}
(32... Rc7 $5 33. f4 Rf7 34. Bc5 Rxe5 (34... Qb8 35. Rd1 $14) 35. Qxe5 Qxc5+
36. Kh1 $14) 33. f4 Qf5 (33... Ne7 $2 34. f5 Nxf5 35. Qg5 $18) 34. Bxa7 c3 35.
Bd4 (35. Bc5 $5 c2 36. Qd4 Nb6 37. Rc1 $16) 35... c2 36. Rc1 Rg6 37. Rg3 h5 $1
$132 38. Bb2 $6 (38. Qf3 $5 Ne7 39. a4 $13) 38... Rxg3+ 39. hxg3 Rg6 {[%cal
Gh5h4]} 40. Kh2 (40. Qf3 Ne7 41. Bd4 h4 42. Bf2 d4 $40) 40... h4 $1 41. gxh4 $2
(41. Rg1 hxg3+ (41... d4 42. Qxd4 hxg3+ 43. Rxg3 Qh5+ 44. Kg2 Qe2+ 45. Qf2 Qe4+
46. Kg1 $16) 42. Rxg3 Rh6+ 43. Kg2 Qh5 44. Kf2 (44. Rh3 Qg4+ 45. Rg3 Qh5 $11)
44... Qh1 $40) 41... Qg4 $1 $19 42. Rxc2 (42. Qf2 Rh6 43. Qg2 Rxh4+ 44. Kg1
Qd1+ 45. Qf1 Qd2 46. Qg2 Qe3+ $19) 42... Qxh4+ 43. Qh3 Qxf4+ 44. Kh1 Rh6 45.
Rxc8+ Kh7 46. Rc3 $8 (46. Qxh6+ Qxh6+ 47. Kg2 Qg5+ 48. Kh1 Qh4+ 49. Kg2 Qg4+
$19 {[%csl Rc8]}) 46... Qf1+ 47. Kh2 Qf2+ 48. Kh1 Qxb2 0-1

[Event "Mitropa Cup 19th"]
[Site "Baden"]
[Date "1999.04.07"]
[Round "6"]
[White "Balogh, Tomas"]
[Black "Sax, Gyula"]
[Result "0-1"]
[WhiteElo "2435"]
[BlackElo "2524"]
[Annotator "Avrukh,B"]
[PlyCount "56"]
[EventDate "1999.04.01"]
[EventType "team-tourn"]
[EventRounds "9"]
[EventCountry "SUI"]
[SourceTitle "CBM 071"]
[Source "ChessBase"]
[SourceDate "1999.08.01"]
[SourceVersion "1"]
[SourceVersionDate "1999.08.01"]
[SourceQuality "1"]

1. d4 Nf6 2. Nf3 e6 3. c4 b6 4. g3 Ba6 5. b3 d5 6. Bg2 dxc4 7. bxc4 $2 ({
Of course the normal continuation for white is} 7. Ne5) 7... Bxc4 8. Nc3 $146 (
8. O-O Be7 (8... Bd5 9. Nc3 Bb7 (9... Be7 $5) 10. Qa4+ Bc6 11. Qb3 Be7 12. e4
Bb7 (12... Nxe4 $2 13. Ne5 Nxc3 14. Nxc6 Ne2+ 15. Kh1 $16) 13. Re1 Nbd7 14. Bf4
O-O 15. Rad1 $44 {1/2-1/2 Ivanchuk,V-Gelfand,B/Linares 1990/CBM 17/[Gelfand] 
(27)}) 9. Ne5 (9. Nc3 $142 $5) 9... Bd5 10. Qa4+ c6 11. Bxd5 (11. f3 $2 {
[%cal Ge2e4]} b5 12. Qd1 c5 $17) 11... Nxd5 (11... exd5 $17) 12. e4 b5 (12...
Nf6 13. f3 b5 (13... O-O 14. Rd1 $15) 14. Qd1 O-O $17) 13. Qc2 Nb6 14. Be3 {
[%csl Gc6]} Qc7 15. Rc1 O-O 16. Nd2 (16. Nxc6 Nxc6 17. Qxc6 Qxc6 18. Rxc6 Rfc8
19. Rxc8+ Rxc8 $17) 16... Rc8 17. a3 N6d7 18. Nd3 a5 {and white doesn't get
enough compensation for the pawn. 0-1 Antonsen,M-Farago,I/Forli 1991/EXT 91op 
(34)}) 8... c6 9. O-O (9. Ne5 Bb4 $17) 9... Bb4 $1 {[%mdl 32] A strong
positional idea, afterwards it is clear, that white has nothing for the pawn.}
10. Bb2 Bxc3 11. Bxc3 Bd5 $17 12. a4 (12. Bb4 a5 (12... Na6 $2 13. Ba3 Nc7 {
[%cal Gc7b5]} 14. Ne5 $1 Bxg2 15. Kxg2 Nb5 16. Bb2 O-O 17. a4 Nc7 18. Rc1 $44)
13. Ba3 b5 $17 {[%cal Gb5b4]}) 12... O-O 13. Rc1 $6 {White plays very slowly
and without any plan, of cause in this case black's win is only a question of
time. Better was} (13. Ne5 $142 c5 $1 (13... Nbd7 14. Nxc6 Bxc6 15. Bxc6 Rc8
16. Bxd7 Qxd7 17. Qd3 $15) (13... Bxg2 14. Kxg2 Nd5 15. Bb2 $15) 14. dxc5 Bxg2
(14... bxc5 15. f3 $1 {[%cal Ge2e4]} Nbd7 16. e4 Bb7 17. Qc2 $15) 15. Kxg2 bxc5
16. Qc2 Nd5 (16... Nbd7 17. Rfd1 Qc7 18. Nxd7 Nxd7 19. Rd2 {[%cal Ga1d1] with
some compensation}) 17. Rfd1 f6 18. Nc4 Qe7 19. e4 Nb4 $17) 13... Nbd7 14. Bb4
Re8 15. Qd3 (15. Ne5 Bxg2 16. Kxg2 Nxe5 17. dxe5 Qd5+ {[%csl Ge5]} 18. Qxd5
Nxd5 19. Bd6 (19. Ba3 c5 20. e4 Ne7 21. Rfd1 Nc6 22. f4 Red8 $19) 19... c5 $17)
15... Be4 16. Qa3 a5 17. Bd6 b5 $1 18. axb5 cxb5 19. Bc7 Qc8 (19... Qe7 20. Bd6
) 20. Bxa5 (20. Bf4 Qa6 $19) 20... Qb7 21. Ra1 (21. Qb4 Nd5 22. Qd2 b4 23. Ra1
Qb5 $19) 21... Nd5 $19 {Now white is hopeless against bundle on a-file and
black wins easily.} 22. Nh4 b4 {[%cal Gb7b5]} 23. Qa4 {[%csl Gb5]} Bxg2 24.
Nxg2 Reb8 $19 25. Nf4 Nxf4 26. gxf4 b3 27. Rfb1 b2 28. Ra2 Qb3 $1 {white
resighned in view of the next variation:29Rbb2-Qa430Rb8-Nb831Ra4-Nc6 and black
wins.} 0-1

[Event "RUS-ch51"]
[Site "St Petersburg"]
[Date "1998.08.05"]
[Round "9"]
[White "Tregubov, Pavel V"]
[Black "Sokolov, Andrei"]
[Result "1-0"]
[WhiteElo "2535"]
[BlackElo "2565"]
[Annotator "Avrukh,B"]
[PlyCount "51"]
[EventDate "1998.07.28"]
[EventType "swiss"]
[EventRounds "11"]
[EventCountry "RUS"]
[SourceTitle "CBM 067"]
[Source "ChessBase"]
[SourceDate "1998.11.30"]
[SourceVersion "2"]
[SourceVersionDate "1998.11.01"]
[SourceQuality "1"]

1. d4 Nf6 2. c4 e6 3. Nf3 b6 4. g3 Ba6 5. Nbd2 Bb7 6. Bg2 Be7 7. O-O O-O 8. b3
(8. Re1 d5 9. cxd5 (9. b3 c5 (9... Nbd7 10. Bb2 c5 11. cxd5 exd5 12. dxc5 bxc5
13. Nh4 {[%cal Gh4f5]} g6 {[%csl Rc3,Rd4,Re5,Rf6,Rg7,Rh8]} 14. e4 d4 15. e5 (
15. Nc4 $5) 15... Nd5 16. Qg4 $5 Qc7 17. Rac1 Rae8 $6 (17... Nxe5 $142 18. Qe2
$14 {[%cal Gb2d4]}) 18. Bxd4 h5 19. Qh3 Bg5 20. Nhf3 Bxd2 21. Nxd2 Nb4 22. e6 {
1/2-1/2 Epishin,V-Kruppa,Y/Uzhgorod 1987/EXT 87 (26)} (22. Ne4 $1 Bxe4 (22...
Nd3 23. Qxd7 $1 Qxd7 24. Nf6+ $18 {[%cal Gf6d7,Gd7f8]}) 23. Rxe4 Nxa2 24. Rc4
$36)) 10. Bb2 Nc6 11. cxd5 exd5 12. Rc1 Re8 13. Qc2 Ne4 14. Nxe4 Nb4 15. Nf6+
Bxf6 16. Qb1 Rc8 $11 {0-1 Shulman,Y-Ljubojevic,L/Pamplona 1996/CBM 52/[Hecht] 
(54)}) 9... exd5 10. Ne5 Re8 11. Qb3 a5 $1 12. Nf1 Nbd7 13. Nxd7 Qxd7 14. Bg5
a4 15. Qc2 c5 16. dxc5 bxc5 17. Rad1 d4 $15 {0-1 Rogozenko,D-Iordachescu,V/
Kishinev 1998/CBM 64_06 (39)}) 8... c5 9. Bb2 cxd4 (9... d5 10. cxd5 exd5 11.
dxc5 bxc5 12. Nh4 {[%cal Gh4f5]} g6 13. Re1 $14 {[%cal Ge2e4,Rb2h8]}) 10. Nxd4
Bxg2 11. Kxg2 Qc7 {[%cal Gb8c6]} (11... d5 12. Rc1 $14 {[%csl Rb8][%cal Rb8d7,
Gd4c6]}) 12. e4 $1 d6 13. f4 Nc6 14. Nxc6 (14. Nb5 Qb7 15. Bxf6 gxf6 $132 {
[%csl Gb7,Rg2][%cal Rf6f5,Rb7g2]}) 14... Qxc6 15. Qf3 {[%cal Ga1d1,Rf8d8,Ra8c8,
Rd6d5,Ge4e5,Gd2e4]} Rfd8 16. Rad1 Rac8 17. e5 (17. h3 $6 d5 $1 18. e5 Ne4 19.
Nxe4 dxe4 20. Qe3 Rd3 $1 {[%csl Gc6,Rg2][%cal Rc6g2]} (20... Bc5 $6 21. Bd4
Bxd4 22. Rxd4 Rxd4 23. Qxd4 $14 e3+ 24. Kg1 e2 $2 25. Re1 Qf3 26. Qf2 $16) 21.
Rxd3 exd3+ 22. Qf3 $2 (22. Kf2 $2 Rd8 $1 $17) (22. Kh2 $8 Rd8 23. Rd1 Qc5 $8
$15 (23... Bc5 $2 24. Rxd3 $1 $18)) 22... b5 $1 23. Qxc6 (23. Rc1 d2 24. Rd1
bxc4 25. bxc4 Bb4 $17) 23... Rxc6 24. Rc1 bxc4 25. bxc4 d2 26. Rd1 Bb4 $17)
17... Ng4 $2 (17... Qxf3+ 18. Nxf3 Ng4 19. Rfe1 dxe5 20. Rxd8+ Rxd8 21. h3 Nf6
22. Bxe5 (22. fxe5 Nd7 23. Nd4 Nc5 $15 {[%cal Gc5d3]}) 22... Nd7 23. Rd1 Nxe5
24. Rxd8+ Bxd8 25. Nxe5 a6 $11 {[%cal Rb6b5]}) 18. Ne4 d5 19. cxd5 Rxd5 (19...
exd5 20. Nf2 (20. Qxg4 dxe4 $13) 20... Nxf2 21. Rxf2 $16 {[%csl Rd5][%cal
Gf4f5]}) 20. Rc1 Bc5 (20... Qb7 21. Rxc8+ Qxc8 22. Rc1 Qb7 23. h3 Nh6 24. g4
$16 {[%csl Rh6]}) 21. Rfe1 h5 (21... Nh6 22. b4 Qb5 23. Qb3 Rd3 24. Qc4 $18)
22. h3 (22. b4 Qb5 23. h3 Rd3 24. Qe2 Ne3+ 25. Kh1 $18) 22... Rcd8 (22... Nh6
23. b4 Qb5 24. Qc3 Rd3 25. Qc4 $18) 23. Re2 $1 $18 (23. hxg4 $140 $2 hxg4 24.
Qxg4 Rd2+) 23... Qa8 (23... Nh6 24. b4) 24. Nxc5 Rd2 (24... bxc5 25. hxg4 hxg4
26. Qe4 Rd2 27. Qxa8 Rxe2+ 28. Kf1 $18) 25. Ne4 R2d3 26. Nf6+ $1 1-0

[Event "DEN-ch"]
[Site "Aarhus"]
[Date "1999.04.04"]
[Round "9"]
[White "El Kher, Henrik"]
[Black "Hansen, Sune Berg"]
[Result "0-1"]
[WhiteElo "2338"]
[BlackElo "2499"]
[Annotator "Avrukh,B"]
[PlyCount "64"]
[EventDate "1999.03.??"]
[EventType "tourn"]
[EventRounds "9"]
[EventCountry "DEN"]
[EventCategory "10"]
[SourceTitle "CBM 071"]
[Source "ChessBase"]
[SourceDate "1999.08.01"]
[SourceVersion "1"]
[SourceVersionDate "1999.08.01"]
[SourceQuality "1"]

1. d4 Nf6 2. c4 e6 3. Nf3 b6 4. g3 Ba6 5. b3 Bb7 6. Bg2 Bb4+ 7. Bd2 c5 8. O-O
O-O 9. Qc2 $146 {Not a very ambitious move, but quite possible.} (9. a3 Bxd2
10. Qxd2 cxd4 11. Qxd4 Nc6 12. Qb2 d5 (12... Qe7 {a little bit passive} 13. Nc3
Rfd8 14. Rfd1 Rac8 15. Rac1 d6 16. Nd2 {[%cal Gd2e4]} h6 17. Nde4 Ne8 18. Rc2 {
[%cal Gc2d2]} Na5 19. Nb5 a6 20. Nd4 $14 {1-0 Grabarczyk,M-Hansen,S/MK Cafe
Cup, Koszalin POL 1998 (40)}) 13. Rd1 Qe7 14. Nbd2 Rfd8 15. cxd5 Nxd5 16. Nc4
b5 17. Nce5 Qf6 {and black equalized comfortably 1/2-1/2 Sahovic,D-Tiviakov,S/
Imperia 1989/EXT 89op2 (31)}) (9. Bxb4 cxb4 10. Qd3 d6 11. Nbd2 a5 12. Nh4 Bxg2
13. Nxg2 Nc6 14. Ne4 a4 15. Ne3 Nxe4 16. Qxe4 Qd7 17. d5 Na5 $132 {1-0 Van
Wely,L-Gelfand,B/Monte Carlo MNC 1999 (88)}) (9. dxc5 Bxc5 10. Bc3 Be7 (10...
d5 $11) 11. Qc2 Qc7 12. Nbd2 d6 13. Rfd1 Nbd7 14. Rac1 Rac8 15. Qb2 Qb8 16. Nf1
Rfd8 $13 {1-0 Siegel,G-Sorin,M/1998-9 French Team Ch FRA 1999 (75)}) 9... Be4 (
{Hansen could equalize easily after} 9... Bxd2 10. Nbxd2 cxd4 11. Nxd4 Bxg2 12.
Kxg2 Nc6 (12... d5 13. Rfd1 Qd7 {[%cal Gb8c6]} 14. Rac1 Rc8 $11) 13. N2f3 Nxd4
14. Nxd4 d5 $11 {but he prefered a more complicated play.}) 10. Qb2 Nc6 11.
Bxb4 (11. dxc5 bxc5 (11... Bxc5 12. Nc3 d5 13. cxd5 exd5 14. Rad1 Qe7 15. Bg5
Qe6 $13) 12. Nc3 Bg6 {with complicated play}) 11... cxb4 12. Nbd2 (12. a3 $5 {
deserves serious attention - with the idea to develop the knight to c3.}) 12...
d5 13. Rfd1 (13. e3 Rc8 14. Nxe4 Nxe4 15. Nd2 Nc3 (15... f5 $5) (15... Nxd2
$143 16. Qxd2 dxc4 17. bxc4 Na5 18. Rfc1 $14) 16. Nb1 Ne4 17. Nd2 $11) 13...
Rc8 14. a3 bxa3 15. Rxa3 a5 16. Raa1 Nb4 17. Rac1 Qe7 18. Nxe4 Nxe4 19. cxd5 $2
{[%mdl 16384] Bad strategical decision. Now it will be more easy for black to
play on the c-file, with help of two very strong knights, which confine
white's play very strong.} (19. e3 Rc7 $1 {[%cal Gf8c8]} 20. Ne5 $140 Rfc8 21.
Nd3 Nxd3 22. Rxd3 Nd6 $17) (19. Ne5 $1 $11 {[%cal Ge5d3]}) 19... exd5 20. Bh3 (
20. Rxc8 Rxc8 21. Rc1 Rc7 $1 {[%cal Ge7d8,Gd8c8]}) (20. Ne5 Qe6 $15 (20... f6
21. Nd3 $11)) 20... Rxc1 21. Rxc1 (21. Qxc1 b5 $1 (21... Qf6 22. Qc7 $132) (
21... Na2 22. Qc2 Nac3 23. Rd3 Qa3 24. Kg2 Qa1 25. Bf5 $11 {[%cal Gf5e4]}) 22.
Ne5 $140 Na2 23. Qe3 Nac3 24. Rc1 (24. Ra1 Qb4) 24... b4 $17) 21... Qf6 $1 22.
Rc7 (22. Rf1 {[%cal Gf3e5]} Qh6 23. Bg2 Rc8 $17) 22... h5 {[%cal Gg7g5]
Suddenly white hasn't a normal defence against the comming g7-g5-g4.} 23. Qc1 (
23. Bg2 g5 24. e3 Nd3 $17) 23... g5 24. g4 (24. Rc8 g4 25. Rxf8+ Kxf8 26. Bxg4
hxg4 27. Qc8+ Kg7 28. Qxg4+ Qg6 $19) 24... Na2 25. Qe3 (25. Qc2 hxg4 $1 (25...
Qf4 26. gxh5 g4 27. e3 $8 Qf5 (27... Qxf3 28. Bg2 $11) 28. Qxa2 (28. Nh4 Qg5
$19) 28... gxh3 29. Ne1 $8 Qxh5 $17) 26. Bxg4 Qf4 27. Bd7 g4 28. e3 Qxf3 29.
Qxa2 Ng5 $19 {[%cal Gg5h3]}) 25... Qd6 26. Ra7 hxg4 27. Bxg4 f5 28. Nxg5 (28.
Nd2 Qf4 $1 29. Qxf4 gxf4 30. Nxe4 fxg4 31. Nd2 Rc8 $19) 28... Qg6 $1 $19 29.
Nh7 (29. Nxe4 dxe4 $19) 29... Qxg4+ 30. Kh1 Rf7 31. Rxf7 Kxf7 32. Qh6 (32. f3
Qh3 $19) 32... Nxf2# 0-1